00863nam a2200229 a 450000100100000000500170001000800410002704000250006808200210009310000470011424500850016125000110024626000350025730000270029249000480031950400270036750000320039483000560042604900090048295201250049199900170061600002500320200930023513.0110208s1968 sp r 000 0 spa d aDO-SdBNPbspacBNPHU aNNNbM538e, 19681 aMéndez Pidal, Ramónd1869- 196895131210aEspaña, eslabón entre la Cristiandad y el Islam /cRamón Menéndez Pidal. a2a ed. aMadrid :bEspasa-Calpe,c1968. a168, [16] p. ;c18 cm.1 aAustral. Verde: ensayos y filosofíav1280 aIncluye bibliografía aIncluye índice de autores 0aAustral.pVerde: ensayos y filosofía;v128098733 aBNGR 001054708MOaGRbGRcCTd2011-02-08iLF1l0oNNN M538e, 1968p25003-10r2020-06-25w2020-06-25y4ZPréstamo en sala c24496d24496